UM Logo

Tales of ordinary madness / (Record no. 19465)

MARC details
000 -LEADER
fixed length control field 00409nam a22001337a 4500
008 - FIXED-LENGTH DATA ELEMENTS--GENERAL INFORMATION
fixed length control field 240301b ||||| |||| 00| 0 eng d
020 ## - INTERNATIONAL STANDARD BOOK NUMBER
International Standard Book Number 9780753539880
082 ## - DEWEY DECIMAL CLASSIFICATION NUMBER
Classification number DFic
Item number B869 2009
100 ## - MAIN ENTRY--PERSONAL NAME
Personal name Bukowski, Charles.
9 (RLIN) 53743
245 ## - TITLE STATEMENT
Title Tales of ordinary madness /
Statement of responsibility, etc. Charles Bukowski.
260 ## - PUBLICATION, DISTRIBUTION, ETC. (IMPRINT)
Place of publication, distribution, etc. Great Britain :
Name of publisher, distributor, etc. Virgin Book,
Date of publication, distribution, etc. ©2009.
300 ## - PHYSICAL DESCRIPTION
Extent 231 pages :
Other physical details illustrations ;
Dimensions 20 cm.
942 ## - ADDED ENTRY ELEMENTS (KOHA)
Source of classification or shelving scheme Dewey Decimal Classification
Koha item type Fiction
Holdings
Withdrawn status Lost status Source of classification or shelving scheme Damaged status Not for loan Collection code Home library Current library Shelving location Date acquired Source of acquisition Cost, normal purchase price Total Checkouts Full call number Barcode Date last seen Date last checked out Price effective from Koha item type
    Dewey Decimal Classification     Fiction UM Digos College - LIC UM Digos College - LIC Book Cart 12/21/2023 Purchased 280.00 2 DFic B869 2009 28105 05/15/2025 10/16/2024 03/01/2024 Fiction